Khảo sát khả năng kháng oxy hóa và điều hòa lipid huyết của cao chiết bình bác dây (Coccinia grandis (L.) Voigt) trên chuột bệnh đái tháo đường : Luận văn tốt nghiệp Cao học. Chuyên ngành Sinh thái học

Xác định khả năng hạ glucose huyết và điều hòa lipid huyết của cao lá bình bác dây trên chuột nhắt trắng bệnh đái tháo đường, khả năng kháng peroxyde hóa lipid của cao methanol lá bình bác dây trên gan, não của chuột bệnh đái tháo đường....

Cijeli opis

Spremljeno u:
Bibliografski detalji
Glavni autor: Võ, Chí Linh
Format: Knjiga
Jezik:Undetermined
Izdano: Cần Thơ Trường Đại học Cần Thơ 2017
Teme:
Oznake: Dodaj oznaku
Bez oznaka, Budi prvi tko označuje ovaj zapis!
Thư viện lưu trữ: Trung tâm Học liệu Trường Đại học Cần Thơ
LEADER 01281nam a2200217Ia 4500
001 CTU_221349
008 210402s9999 xx 000 0 und d
082 |a 615.321 
082 |b L312 
088 |a 60420120 
100 |a Võ, Chí Linh 
245 0 |a Khảo sát khả năng kháng oxy hóa và điều hòa lipid huyết của cao chiết bình bác dây (Coccinia grandis (L.) Voigt) trên chuột bệnh đái tháo đường : 
245 0 |b Luận văn tốt nghiệp Cao học. Chuyên ngành Sinh thái học 
245 0 |c Võ Chí Linh ; Đái Thị Xuân Trang, Nguyễn Thị Ái Lan (Cán bộ hướng dẫn) 
260 |a Cần Thơ 
260 |b Trường Đại học Cần Thơ 
260 |c 2017 
520 |a Xác định khả năng hạ glucose huyết và điều hòa lipid huyết của cao lá bình bác dây trên chuột nhắt trắng bệnh đái tháo đường, khả năng kháng peroxyde hóa lipid của cao methanol lá bình bác dây trên gan, não của chuột bệnh đái tháo đường. 
650 |a Cây dược liệu,Medicinal plants 
904 |i Hải 
980 |a Trung tâm Học liệu Trường Đại học Cần Thơ